00000000nam 2200000za 4500
0019.677583
003CaOODSP
00520221107134438
007cr |||||||||||
008150407s2015    xxcad|||o    f|0| 0 fre d
020 |a978-0-660-23416-8
040 |aCaOODSP|bfre
043 |an-cn---
0861 |aR3-222/2015F-PDF
24504|aLes compétences au Canada |h[ressource électronique] : |brésultats préliminaires du Programme pour l'évaluation internationale des compétences des adultes.
260 |a[Gatineau, Québec] : |bAffaires autochtones et Développement du Nord Canada,|c[2015].
300 |a[4] p. : |bgraphiques.
500 |aPublié aussi en anglais sous le titre : Skills in Canada : preliminary results of the Programme for the International Assessment of Adult Competencies.
69107|aHabiletés|2gcpds
7101 |aCanada. |bAffaires autochtones et développement du Nord Canada.
77508|tSkills in Canada |w(CaOODSP)9.629990
85640|qPDF|s368 Ko|uhttps://publications.gc.ca/collections/collection_2015/aadnc-aandc/R3-222-2015-fra.pdf
986 |aQS-6355-000-FF-A1